000 00706nam a2200289Ia 4500
005 20260324131949.0
008 008 260324s9999 xx 000 0 eng d
020 _a9780203617588
037 _aEBOOK
040 _aCRL
040 _beng
040 _cCRL
041 _2eng
041 _aeng
084 _qCRL
100 _aRichard Van Den Berg
_91187513
245 0 _aAt the Origins of Mathematical Economics
245 4 _bThe Economics of A.N. Isnard (1748-1803)
260 _bTaylor and Francis
260 _c2005
365 _a
365 _b230
856 _uhttp://www.taylorfrancis.com/books/9780203617588
942 _cEBOOK
999 _c1785137
_d1785137